000 00229nam a22001097a 4500
003 SGT
082 _a344,BAR
100 _aBARE,ACT
245 _aGAS CYLINDERS ACT 2004
260 _aNEW DELHI
_bEASTERN BOOK
_c2015
942 _2ddc
_cBK
999 _c11620
_d11620